Las aguas subterráneas /
Guardado en:
| Autor Principal: | |
|---|---|
| Formato: | Libro |
| Idioma: | Spanish |
| Publicado: |
Bahía Blanca :
Universidad Nacional del Sur,
1964.
|
| Etiquetas: |
Agregar Etiqueta
Sin Etiquetas, Sea el primero en etiquetar este registro!
|
| LEADER | 00501nam a22001455a 4500 | ||
|---|---|---|---|
| 001 | EUN.um022100 | ||
| 003 | AR-BaUNS | ||
| 005 | 20050623122901.0 | ||
| 008 | 041125s1964####ag#a##########000#0#spa#d | ||
| 245 | 1 | 4 | |a Las aguas subterráneas / |c Félix Trombe. Traducido del francés por Augusto P. Calmels. |
| 260 | |a Bahía Blanca : |b Universidad Nacional del Sur, |c 1964. | ||
| 300 | |a 142 p. : |b ilus. ; |c 21,5 cm. | ||
| 100 | 1 | |a Trombe, Félix. | |
| 082 | 0 | 4 | |a 551.49 |
| 859 | |a Ar-BaUNS |b BIB. CENTRAL - Sector C |h 551.49 |i T75 |p D466/965 | ||
